| 000 | 00437pab a2200169 454500 | ||
|---|---|---|---|
| 008 | 180718b2001 xxu||||| |||| 00| 0 eng d | ||
| 100 | _aKhan, Sayeed Hasan | ||
| 245 | _aAfghan armageddon? | ||
| 260 | _c2001 | ||
| 300 | _ap.3678 | ||
| 362 | _a29 Sep | ||
| 650 | _aAfghanistan - Politics and government | ||
| 650 | _aPolitics and government | ||
| 700 | _aJacobson, Kurt | ||
| 773 | _aEconomic and Political Weekly | ||
| 909 | _a50171 | ||
| 999 |
_c50171 _d50171 |
||